ដំណំាកៅស៊ូ នៅប្រទេសកម្ពុជា (Record no. 157)

000 -LEADER
fixed length control field 00442nam a22001577a 4500
003 - CONTROL NUMBER IDENTIFIER
control field OSt
005 - DATE AND TIME OF LATEST TRANSACTION
control field 20150908170253.0
008 - FIXED-LENGTH DATA ELEMENTS--GENERAL INFORMATION
fixed length control field 150908b xxu||||| |||| 00| 0 eng d
040 ## - CATALOGING SOURCE
Transcribing agency RUA
082 ## - DEWEY DECIMAL CLASSIFICATION NUMBER
Classification number AGR គាង 1993 B008 Or.1
100 ## - MAIN ENTRY--PERSONAL NAME
9 (RLIN) 176
Personal name គាង ងី
245 ## - TITLE STATEMENT
Title ដំណំាកៅស៊ូ នៅប្រទេសកម្ពុជា
260 ## - PUBLICATION, DISTRIBUTION, ETC. (IMPRINT)
Place of publication, distribution, etc. RUA
Name of publisher, distributor, etc. phnom penh
Date of publication, distribution, etc. 1993
300 ## - PHYSICAL DESCRIPTION
Extent 156p.
Dimensions ill.
Size of unit 29cm
942 ## - ADDED ENTRY ELEMENTS (KOHA)
Source of classification or shelving scheme
Koha item type AGR
Holdings
Price effective from Date last seen Permanent Location Not for loan Date acquired Source of classification or shelving scheme Koha item type Barcode Lost status Damaged status Withdrawn status Current Location Full call number
2015-09-082015-09-08Library Block B 2015-09-08 AGRRUA005313   Library Block BAGR គាង 1993 B008 Or.1
មជ្ឈមណ្ឌលឯការនៃសាកលវិទ្យាល័យភូមិន្ទកសិកម្មចំការដូង

Powered by Koha